History Quiz

Random History or Lyrics Quiz
Score 0/139 Timer 07:00
0 Plays Today
Stanza Lyrics % Correct
First Stanzaaus
96.5%
First StanzaAuferstanden
94.8%
First StanzaRuinen
93.9%
First Stanzader
91.3%
Third Stanzader
91.3%
First Stanzaund
88.7%
First StanzaDeutschland,
88.7%
First Stanzaund
88.7%
First StanzaDeutschland
88.7%
First StanzaDeutschland
88.7%
Second Stanzaund
88.7%
Second StanzaDeutschland,
88.7%
Third Stanzaund
88.7%
Third Stanzaund
88.7%
Third StanzaUnd
88.7%
Third StanzaDeutschland
88.7%
Third StanzaDeutschland
88.7%
Third Stanzaein
86.1%
First Stanzazu
84.3%
First Stanzadie
83.3%
First Stanzauns
82.6%
First StanzaVaterland.
82.6%
First Stanzauns
82.6%
Second StanzaVaterland.
82.6%
Second Stanzauns
82.6%
Third Stanzauns
82.6%
Third Stanzauns
82.6%
Third Stanzadie
81.7%
First StanzaZukunft
78.3%
Second Stanzadas
78.3%
First Stanzaeinig
76.5%
First Stanzawir
73.9%
Second Stanzawir
73.9%
Second Stanzawir
73.9%
Third Stanzaüber
71.3%
Third Stanzaüber
71.3%
First Stanzazugewandt,
70.4%
First StanzaSonne
68.5%
First Stanzalass
67%
First Stanzanie
66.7%
First Stanzawie
66.7%
Third Stanzascheint.
66.7%
Third StanzaSonne
65.2%
Second Stanzanie
64.3%
Third Stanzawie
64.3%
Third Stanzanie
64.3%
Third Stanzawie
64.3%
Stanza Lyrics % Correct
Third Stanzanie
64.3%
First Stanzaschön
63.9%
First Stanzascheint,
63.5%
First Stanzascheint.
63.5%
Second Stanzaeine
63.5%
Third Stanzascheint,
63.5%
Third Stanzaschön
60.9%
Second Stanzaden
58.3%
First Stanzazum
56.5%
First Stanzadass
56.5%
Second Stanzadass
56.5%
First StanzaGuten
54.8%
First Stanzaüber
53.9%
First Stanzaüber
53.9%
First Stanzadienen,
53%
First Stanzasie
53%
First Stanzaes
51.3%
First Stanzaes
51.3%
Second StanzaFrieden
50.4%
Second StanzaAlle
50.4%
Second StanzaFrieden,
50.4%
First Stanzadir
48.7%
Second StanzaMutter
48.7%
Second StanzaSohn
48.7%
Second StanzaSohn
48.7%
Third Stanzadir
48.7%
First Stanzavereint,
47%
Second StanzaLasst
47%
Third StanzaLasst
47%
Third Stanzalasst
47%
Third Stanzavereint,
47%
First Stanzazwingen,
44.3%
First Stanzazwingen
44.3%
Second Stanzaihren
44.3%
Second Stanzaihren
44.3%
Third Stanzabauen,
44.3%
Second StanzaGlück
43.5%
Second Stanzades
43.5%
Second Stanzades
43.5%
First StanzaAlte
42.6%
Second Stanzasei
42.6%
Second StanzaWenn
42.6%
Second Stanzabeweint,
42.6%
Second Stanzabeweint.
42.6%
First Stanzadenn
41.7%
First StanzaNot
40.9%
Third Stanzain
40.9%
Stanza Lyrics % Correct
Second Stanzaeinen,
40%
Third Stanzafrei
40%
Third Stanzadu
40%
First Stanzagilt
39.1%
First Stanzamuss
39.1%
Second Stanzamehr
39.1%
Third Stanzazuvor,
39.1%
Second Stanzanach
38.3%
First Stanzadoch
37.4%
Second StanzaWelt
37.4%
Second StanzaHand.
37.4%
Second Stanzabrüderlich
37.4%
Third StanzaDeutsche
37.4%
Third StanzaStreben
37.4%
Second StanzaVolkes
36.5%
First Stanzagelingen,
34.8%
Second Stanzasich
34.8%
Second StanzaFeind.
33.9%
Second Stanzascheinen,
33%
Second Stanzareicht
32.2%
Third StanzaJugend,
32.2%
Second Stanzasehnt
31.3%
Second StanzaLicht
31.3%
Second Stanzabeschieden
30.4%
Second Stanzaschlagen
30.4%
Second StanzaVölkern
29.6%
Second StanzaFriedens
29.6%
Third Stanzapflügen,
29.6%
Third Stanzaschafft
29.6%
Second Stanzaunsrem
28.7%
Second Stanzaeure
28.7%
Third StanzaKraft
27.8%
Third Stanzalernt
27%
Third Stanzabestes
27%
Third StanzaLeben.
26.1%
Third Stanzaeignen
24.3%
Third Stanzaempor.
24.3%
Third Stanzavertrauend,
22.6%
Third StanzaGeschlecht
22.6%
Third Stanzawirst
22.6%
Third Stanzasteigt
21.7%
Third StanzaVolks
21.7%
Third Stanzaneues
21.7%
Third StanzaDeutschlands
20.9%
Third Stanzaunsres
20%
Come Together.
Have Fun.
All Virtual.
We all need to come together. Play Sporcle's virtual live trivia to have fun, connect with people, and get your trivia on. Join a live hosted trivia game for your favorite pub trivia experience done virtually. If a virtual private party is more your thing, go here for details.

You're not logged in!

Compare scores with friends on all Sporcle quizzes.
OR
Log In

Sporcle TV

Today on Sporcle TV


Watch our educational content, quiz creation guides, and fun videos on Sporcle TV.

Show Comments

Extras

Top Quizzes Today


Score Distribution

Paid Content

Your Account Isn't Verified!

In order to create a playlist on Sporcle, you need to verify the email address you used during registration. Go to your Sporcle Settings to finish the process.

Report this User

Report this user for behavior that violates our Community Guidelines.

Details: